000 00388nam a2200133Ia 4500
008 211109s9999||||xx |||||||||||||| ||und||
082 _a338
_bKNI-E
100 _aKnight Frank H,
245 0 _aEconomic Organization
260 _bPenguin Books
_aNew York
_c1900
630 _xGeneral Stack
650 _aEconomics
_vProductionEconomic OrganizationSocial sciences
_xGeneralia
942 _cBOOK
999 _c34773
_d34773